Logo Quiz Level 12 - Statistics

General Stats
  • This quiz has been taken 66 times
  • The average score is 5 of 16
Answer Stats
Picture Answer % Correct
Under Armour
67%
Asics
65%
Razer
51%
CBS
44%
General Mills
37%
Sheraton
35%
Epson
33%
LaSexta
26%
Walkman
26%
Compaq
23%
Time Warner Cable
23%
Comcast
21%
Verbatim
21%
Anchor.fm
19%
Davivienda
19%
Warner Communications
19%
No matching quizzes found
Score Distribution
Percent of People with Each Score
Percentile by Number Answered
Your Score History
You have not taken this quiz